Recopilación de leyes familiares (Registro nro. 7773)
[ vista simple ]
| 000 -CABECERA | |
|---|---|
| Longitud fija campo de control | 00717cam a2200229 a 4500 |
| 001 - NÚMERO DE CONTROL | |
| Número de control | 14120302 |
| 003 - IDENTIFICADOR DELl NÚMERO DE CONTROL | |
| Identificador del número de control | OSt |
| 005 - FECHA Y HORA DE LA ÚLTIMA TRANSACCIÓN | |
| Fecha y hora de la última transacción | 20140728105420.0 |
| 008 - CÓDIGOS DE INFORMACIÓN DE LONGITUD FIJA | |
| Códigos de información de longitud fija | 050926s2005 es l 000 0 spa |
| 010 ## - NÚMERO DE CONTROL DE LA BIBLIOTECA DEL CONGRESO | |
| Número de control de LC | 2005465119 |
| 040 ## - FUENTE DE LA CATALOGACIÓN | |
| Centro transcriptor | BMC |
| 082 ## - NÚMERO DE LA CLASIFICACIÓN DECIMAL DEWEY | |
| Númeroo de clasificación | 346.0157284026 |
| 110 1# - PUNTO DE ACCESO PRINCIPAL-NOMBRE DE ENTIDAD CORPORATIVA | |
| 9 (RLIN) | 15018 |
| Nombre de entidad corporativa o nombre de jurisdicción como elemento inicial | El Salvador |
| Título de la obra | Leyes, etc., familiares |
| 245 10 - MENCIÓN DE TÍTULO | |
| Título | Recopilación de leyes familiares |
| Mención de responsabilidad, etc. | editor, Ricardo Mendoza Orantes |
| 250 ## - MENCIÓN DE EDICIÓN | |
| Mención de edición | 3ª ed. act |
| 260 ## - PUBLICACIÓN, DISTRIBUCIÓN, ETC. (PIE DE IMPRENTA) | |
| Lugar de publicación, distribución, etc. | San Salvador |
| Nombre del editor, distribuidor, etc. | Editorial Jurídica Salvadoreña |
| Fecha de publicación, distribución, etc. | 2005 |
| 300 ## - DESCRIPCIÓN FÍSICA | |
| Extensión | 298 p. |
| Dimensiones | 24 cm |
| 650 24 - PUNTO DE ACCESO ADICIONAL DE MATERIA - TÉRMINO DE MATERIA | |
| Término de materia o nombre geográfico como elemento inicial | Derecho de familia |
| Subdivisión geográfica | El Salvador |
| 9 (RLIN) | 6814 |
| 650 24 - PUNTO DE ACCESO ADICIONAL DE MATERIA - TÉRMINO DE MATERIA | |
| 9 (RLIN) | 15033 |
| Término de materia o nombre geográfico como elemento inicial | Familia |
| Subdivisión geográfica | El Salvador |
| Subdivisión de forma | Legislación |
| 700 1# - PUNTO DE ACCESO ADICIONAL - NOMBRE DE PERSONA | |
| Nombre de persona | Mendoza Orantes, Ricardo Alberto |
| 9 (RLIN) | 2370 |
| 942 ## - ENTRADA DE ELEMENTOS AGREGADOS (KOHA) | |
| Fuente de clasificaión o esquema | Dewey Decimal Classification |
| Koha [por defecto] tipo de item | 1- Monografias |
| Suprimido | Perdido | Fuente de clasificación o esquema | Estropeado | Restricciones de uso | No para préstamo | Código de colección | Localización permanente | Localización actual | Localización en estanter&íacute;as | Fecha adquisición | Fuente de adquisición | Número de inventario | Préstamos totales | Signatura completa | Código de barras | Fecha última consulta | Fecha último préstamo | Coste, precio reemplazado | Fecha del precio de reemplazo | Tipo de item de Koha |
|---|---|---|---|---|---|---|---|---|---|---|---|---|---|---|---|---|---|---|---|---|
| NULL | NULL | Dewey Decimal Classification | NULL | Prestable | NULL | NULL | Biblioteca Miguel de Cervantes - UNICAES | Biblioteca Miguel de Cervantes - UNICAES | Sala Principal | 22/12/2010 | Donación - Facultad de Ciencias y Humanidades | 012446 | 1 | 346.015 ELS rec | 1012446 | 02/03/2026 | 27/02/2026 | 18.00 | 10/03/2014 | 1- Monografias |